Countries of the World---Click - Statistics

General Stats
  • This quiz has been taken 18 times
  • The average score is 61 of 196
Answers on the Map
Answers color-coded by a green-red scale on the quiz's map according to % correct below.
 
Answer Stats
Answer % Correct
China
60%
Namibia
60%
Bolivia
53%
Botswana
53%
Brazil
53%
Chad
53%
Chile
53%
Iceland
53%
Saudi Arabia
53%
Slovenia
53%
United Kingdom
53%
Afghanistan
47%
Albania
47%
Algeria
47%
Angola
47%
Belize
47%
Cameroon
47%
Colombia
47%
Czechia
47%
Democratic Republic of the Congo
47%
Denmark
47%
Finland
47%
Germany
47%
Guatemala
47%
Laos
47%
Mongolia
47%
Niger
47%
Portugal
47%
Senegal
47%
Seychelles
47%
Spain
47%
USA
47%
Argentina
40%
Armenia
40%
Australia
40%
Bahamas
40%
Belgium
40%
Central African Republic
40%
Costa Rica
40%
Cyprus
40%
Ecuador
40%
El Salvador
40%
Eswatini
40%
Ethiopia
40%
Georgia
40%
Ghana
40%
Greece
40%
Guinea
40%
Guinea-Bissau
40%
Honduras
40%
India
40%
Italy
40%
Kosovo
40%
Malawi
40%
Malaysia
40%
Mali
40%
Malta
40%
Moldova
40%
Morocco
40%
Myanmar
40%
Nicaragua
40%
North Korea
40%
Pakistan
40%
Panama
40%
Paraguay
40%
Romania
40%
Serbia
40%
Sri Lanka
40%
Suriname
40%
Turkey
40%
Ukraine
40%
United Arab Emirates
40%
Uruguay
40%
Uzbekistan
40%
Zambia
40%
Austria
33%
Bangladesh
33%
Belarus
33%
Benin
33%
Bhutan
33%
Bosnia and Herzegovina
33%
Bulgaria
33%
Burundi
33%
Canada
33%
Comoros
33%
Cuba
33%
Djibouti
33%
Israel
33%
Ivory Coast
33%
Japan
33%
Jordan
33%
Kyrgyzstan
33%
Lebanon
33%
Mexico
33%
Montenegro
33%
Rwanda
33%
Sao Tome and Principe
33%
Slovakia
33%
Sudan
33%
Sweden
33%
Thailand
33%
Uganda
33%
Azerbaijan
27%
Brunei
27%
Burkina Faso
27%
Cabo Verde
27%
Cambodia
27%
Croatia
27%
Dominican Republic
27%
Egypt
27%
Estonia
27%
France
27%
Gambia
27%
Hungary
27%
Indonesia
27%
Iran
27%
Ireland
27%
Jamaica
27%
Kazakhstan
27%
Kuwait
27%
Lesotho
27%
Liberia
27%
Libya
27%
Madagascar
27%
Maldives
27%
Mozambique
27%
Nepal
27%
New Zealand
27%
Nigeria
27%
Norway
27%
Papua New Guinea
27%
Peru
27%
Philippines
27%
Qatar
27%
Republic of the Congo
27%
Russia
27%
Singapore
27%
South Africa
27%
Syria
27%
Taiwan
27%
Togo
27%
Turkmenistan
27%
Vanuatu
27%
Venezuela
27%
Vietnam
27%
Zimbabwe
27%
Andorra
20%
Bahrain
20%
East Timor
20%
Equatorial Guinea
20%
Eritrea
20%
Guyana
20%
Haiti
20%
Iraq
20%
Kenya
20%
Latvia
20%
Lithuania
20%
Luxembourg
20%
Mauritania
20%
Micronesia
20%
Netherlands
20%
Oman
20%
Palestine
20%
Poland
20%
Sierra Leone
20%
Solomon Islands
20%
Somalia
20%
South Korea
20%
South Sudan
20%
Switzerland
20%
Tajikistan
20%
Tanzania
20%
Tonga
20%
Tunisia
20%
Yemen
20%
Dominica
13%
Fiji
13%
Gabon
13%
Kiribati
13%
Marshall Islands
13%
Nauru
13%
North Macedonia
13%
Samoa
13%
Tuvalu
13%
Antigua and Barbuda
7%
Barbados
7%
Grenada
7%
Palau
7%
San Marino
7%
Trinidad and Tobago
7%
Vatican City
7%
Liechtenstein
0%
Monaco
0%
Saint Kitts and Nevis
0%
Saint Lucia
0%
Saint Vincent and the Grenadines
0%
No matching quizzes found
Score Distribution
Percent of People with Each Score
Percentile by Number Answered
Your Score History
You have not taken this quiz